Giáo trình lý thuyết quản trị kinh doanh /

Gardado en:
Detalles Bibliográficos
Autor Principal: Mai Văn Bưu, PGS.TS
Formato: Libro
Idioma:Vietnamese
Publicado: Khoa học và kỹ thuật 2005
Các nhãn: Engadir etiqueta
Sen Etiquetas, Sexa o primeiro en etiquetar este rexistro!
Thư viện lưu trữ: Mạng thư viện Đại học Đà Nẵng
LEADER 00685nam a2200265 4500
001 000027764
003 MA-BC
005 20150403120000.0
008 150403s vm 000 vie
020 |c 0,0000 
040 |a notts 
100 |a Mai Văn Bưu, PGS.TS 
245 |a Giáo trình lý thuyết quản trị kinh doanh /  |c chủbiên : Mai Văn Bưu, Phan Kim Chiến. 
260 |b Khoa học và kỹ thuật  |c 2005 
OWN |a LTT 
999 |a From the UDN01 
TYP |a Monograph 
TYP |a Printed language 
980 |a Mạng thư viện Đại học Đà Nẵng